A fada partiu a asa (Registo nº 4717)

Detalhes MARC
000 -Etiqueta do registo
Cabeçalho 00874nam a2200265 4500
010 ## - Número internacional normalizado dos livros (ISBN)
Número (ISBN) 9789899800953
100 ## - Dados gerais de processamento
Dados gerais de processamento 20260225d2016 d||y0frey50 ba
101 0# - Língua de publicação
Língua do texto, banda sonora, etc. Português
102 ## - Pais de publicação ou produção
País de publicação Portugal
200 1# - Titulo e menção de responsabilidade
Título próprio A fada partiu a asa
Primeira menção de responsabilidade Mundos de vida
Outras menções de responsabilidade il. Yara Kono
210 ## - Publicação, Distribuição, etc. 
Lugar da edição, distribuição, etc. Lousado
Nome do editor, distribuidor, etc. Mundos de vida
Data da publicação, distribuição, etc. 2016
215 ## - Descrição física 
Indicação específica da natureza do documento e extensão da espécie 45 p.
Outras indicações físicas il. color.
225 1# - Colecção 
Título próprio da colecção Dia nacional do pijama
Indicação de volume 5
330 ## - Sumário ou Resumo
Texto da nota A Fada dos Dentes não passou em casa de um menino da sala Lilás, o que deixa todos muito preocupados. O que lhe terá acontecido? A Maria, a Milu e o Quincas adoram mistérios e vão tentar perceber o que se está a passar...
675 ## - Classificação Decimal Universal (CDU)
Notação 087.5
Edição 3ª ed.
Língua da edição por
Notação 821.134.3-34
Edição 3ª ed.
Língua da edição por
701 #1 - Nome de autor-pessoa física (co-responsabilidade principal)
Código de função Ilustrador / Técnico de desenho computorizado
Palavra de ordem Kono
Outra parte do nome não tomada para palavra de ordem Yara
710 01 - Nome de colectividade-autor (responsabilidade principal)
Palavra de ordem Mundos de vida
942 ## - Elementos de entrada adicionados (Koha)
Tipo de item no Koha Livro
990 ## - Elementos KOHA
Koha item type Livro
Suppress in OPAC Escondido
994 ## - Estado da catalogação
Situação NOVO
Exemplares
Situação do levantamento Nº de registo manual Origin of item (home branch) (coded) Biblioteca de empréstimo Lending or holding organisation (holding branch) code Código de barras Cota Circulation type (not for loan) Tipo de documento Damaged status
  20155 Biblioteca Escolar da Coca Maravilhas Biblioteca Escolar da Coca Maravilhas Biblioteca Escolar da Coca Maravilhas BECM20155 8C VID   Livro  
  20171 Biblioteca Escolar da Coca Maravilhas Biblioteca Escolar da Coca Maravilhas Biblioteca Escolar da Coca Maravilhas BECM20171 8C VID   Livro  
  20156 Biblioteca Escolar da Coca Maravilhas Biblioteca Escolar da Coca Maravilhas Biblioteca Escolar da Coca Maravilhas BECM20156 8C VID   Livro